Statistiques concernant Novembre

Cliquez ici pour prendre le quiz!

Statistiques générales

  • Ce quiz a été pris 49 fois
  • Le résultat moyen est 7 sur 11

Statistiques - réponses

QuestionsRéponses% Correct
L’armistice de la Première Guerre Mondiale est le __ novembre.11
98%
Dans les calendriers grégoriens et julien novembre est le ______ mois de l’année.Onzième
98%
Il y a __ jours dans le mois de janvier.30
95%
Le 1er novembre est célébré la _________, et la fête des morts le lendemain.Toussaint
84%
Le quatrième jeudi du mois de novembre à lieu, aux États-Unis, ___________.Thanksgiving
79%
Le nom novembre vient du latin novem signifiant, en français, ____. Ce nom est dû au fait qu’avant l’apparition du calendrier julien, il n’y avait que dix mois dans l’année. Cela indique donc la place du mois de septembre dans les anciens calendriers sachant que l’année commençait en mars.Neuf
63%
Le dicton du mois de novembre est « Tonnerre en novembre fait prospérer le ___, et remplit le grenier. ».Blé
51%
Le ______ est la couleur du mois de novembreGris-bleu
51%
Les troisième jeudi du mois de novembre est célébré le _________ nouveau.Beaujolais
42%
Le _________ est la fleur associée au mois de novembreChrysanthème
23%
La ______ est la pierre associée au mois de novembreTopaze
14%

Distribution des résultats

Percentile par nombre de réponses

% des personnes avec chaque résultat

Votre développement - résultats

Vous n’avez pas pris ce quiz